[Event "Gibraltar Masters 14th"]
[Site "Caleta"]
[Date "2016.02.03"]
[Round "9"]
[White "Shachar, Ehud"]
[Black "Cramling, Pia"]
[Result "1/2-1/2"]
[WhiteElo "2353"]
[BlackElo "2523"]
[PlyCount "144"]
[EventDate "2016.01.26"]
[EventType "swiss"]
[EventRounds "10"]
[EventCountry "GGB"]
[SourceTitle "CBM 171"]
[Source "ChessBase"]
[SourceDate "2016.03.14"]
[SourceVersion "2"]
[SourceVersionDate "2016.03.14"]
[SourceQuality "1"]

1. e4 c5 2. Nf3 e6 3. d3 Nc6 4. g3 d6 5. Bg2 Nf6 6. 0-0 Be7 7. Re1 0-0 8. c3 Bd7 9. a3 Rc8 10. Nbd2 b5 11. d4 cxd4 12. cxd4 Qc7 13. e5 dxe5 14. dxe5 Nd5 15. Qe2 a5 16. h4 a4 17. Qe4 f5 18. exf6 Nxf6 19. Qe2 Bc5 20. Ne4 Nxe4 21. Qxe4 Qxg3 22. Be3 Bxe3 23. Rxe3 Qf4 24. Qxf4 Rxf4 25. Rd1 Be8 26. Rxe6 Bh5 27. Rc1 Bxf3 28. Bxf3 Rxf3 29. Rexc6 Rcf8 30. R1c2 h6 31. Kg2 R3f4 32. R6c5 Rxh4 33. Rxb5 Rg4+ 34. Kh3 Rgf4 35. Kg3 Rf3+ 36. Kg2 R8f4 37. Ra5 Rb3 38. Rd2 Kf7 39. Rd7+ Kg6 40. Rd6+ Kh7 41. Rd2 Rg4+ 42. Kh2 Rf3 43. Rc2 Rf6 44. Kh3 Rfg6 45. Ra6 R6g5 46. Ra5 Rxa5 47. Kxg4 Rg5+ 48. Kh3 Rb5 49. Kg2 Kg6 50. Rc4 Rxb2 51. Rxa4 Ra2 52. Kg3 Ra1 53. Rg4+ Kf6 54. Ra4 Rg1+ 55. Kh2 Rc1 56. Ra5 Rc3 57. Kg2 Kg6 58. a4 Ra3 59. Kh2 h5 60. Kg2 Kh6 61. Kh2 h4 62. Kg2 g5 63. Kh2 Ra2 64. Kg1 Kg6 65. Kf1 h3 66. Kg1 Ra3 67. f4 gxf4 68. Kh2 Rg3 69. Rb5 Kf6 70. a5 Ra3 71. Rh5 Kg6 72. Rb5 Kf6 1/2-1/2

[Event "Gibraltar Masters 14th"]
[Site "Caleta"]
[Date "2016.02.02"]
[Round "8"]
[White "Spence, David"]
[Black "Shachar, Ehud"]
[Result "0-1"]
[WhiteElo "2140"]
[BlackElo "2353"]
[PlyCount "68"]
[EventDate "2016.01.26"]
[EventType "swiss"]
[EventRounds "10"]
[EventCountry "GGB"]
[SourceTitle "CBM 171"]
[Source "ChessBase"]
[SourceDate "2016.03.14"]
[SourceVersion "2"]
[SourceVersionDate "2016.03.14"]
[SourceQuality "1"]

1. e4 e6 2. d4 d5 3. Nc3 Bb4 4. e5 c5 5. a3 Bxc3+ 6. bxc3 Qa5 7. Bd2 Qa4 8. Qb1 c4 9. h4 Nc6 10. h5 Bd7 11. g4 0-0-0 12. f4 f6 13. Ne2 Rf8 14. Qb2 Qa5 15. Bh3 Nge7 16. 0-0-0 Kb8 17. Rdf1 Ka8 18. Be1 h6 19. Rhg1 Nc8 20. Bg3 Nb6 21. f5 Na4 22. Qa1 fxe5 23. dxe5 Qc5 24. Nd4 Nxc3 25. Qxc3 Nxd4 26. Kd1 Nb5 27. Qd2 Qxa3 28. Ke1 Nc3 29. Rf4 Bc6 30. f6 gxf6 31. exf6 Ne4 32. Rxe4 dxe4 33. g5 hxg5 34. Qxg5 Qc3+ 0-1

[Event "Gibraltar Masters 14th"]
[Site "Caleta"]
[Date "2016.02.01"]
[Round "7"]
[White "Shachar, Ehud"]
[Black "Naiditsch, Arkadij"]
[Result "0-1"]
[WhiteElo "2353"]
[BlackElo "2696"]
[PlyCount "98"]
[EventDate "2016.01.26"]
[EventType "swiss"]
[EventRounds "10"]
[EventCountry "GGB"]
[SourceTitle "CBM 171"]
[Source "ChessBase"]
[SourceDate "2016.03.14"]
[SourceVersion "2"]
[SourceVersionDate "2016.03.14"]
[SourceQuality "1"]

1. e4 c5 2. Nc3 Nc6 3. Nge2 e6 4. g3 a6 5. Bg2 b5 6. 0-0 Bb7 7. d3 Nf6 8. h3 d6 9. Be3 Be7 10. a3 Rc8 11. g4 Nd7 12. Qd2 Nb6 13. f4 d5 14. exd5 exd5 15. Bf2 0-0 16. Ng3 Re8 17. Rae1 Qd7 18. Nf5 Bf8 19. Rxe8 Rxe8 20. Re1 Rxe1+ 21. Qxe1 g6 22. Ng3 Nd4 23. Nce2 Nxe2+ 24. Qxe2 Na4 25. b3 Nc3 26. Qe5 Nd1 27. Be1 Bg7 28. Qb8+ Bc8 29. Bf3 Qe8 30. Bd2 Nc3 31. Bxc3 Bxc3 32. Kg2 Qd7 33. Qa8 Bb2 34. a4 bxa4 35. bxa4 Kg7 36. Qxd5 Qxa4 37. Qxc5 Bd7 38. Ne4 Bd4 39. Qc4 Qxc4 40. dxc4 a5 41. c3 Be3 42. Kg3 Bc6 43. c5 a4 44. c4 Bd7 45. Bd1 a3 46. Bb3 Bc6 47. Kf3 Bc1 48. f5 gxf5 49. gxf5 f6 0-1

[Event "Gibraltar Masters 14th"]
[Site "Caleta"]
[Date "2016.01.31"]
[Round "6"]
[White "Ranaivoharisoa, Alain"]
[Black "Shachar, Ehud"]
[Result "0-1"]
[WhiteElo "2160"]
[BlackElo "2353"]
[PlyCount "80"]
[EventDate "2016.01.26"]
[EventType "swiss"]
[EventRounds "10"]
[EventCountry "GGB"]
[SourceTitle "CBM 171"]
[Source "ChessBase"]
[SourceDate "2016.03.14"]
[SourceVersion "2"]
[SourceVersionDate "2016.03.14"]
[SourceQuality "1"]

1. e4 e6 2. d4 d5 3. Nd2 Nc6 4. Ngf3 Nf6 5. e5 Nd7 6. Bb5 a6 7. Bxc6 bxc6 8. Nb3 c5 9. Bg5 Be7 10. Bxe7 Qxe7 11. c3 a5 12. 0-0 0-0 13. Nxc5 Nxc5 14. dxc5 Qxc5 15. Qd4 Qe7 16. b4 Ba6 17. Rfe1 c5 18. bxc5 Rfc8 19. Re3 Rxc5 20. Nd2 Rac8 21. h4 Qc7 22. Rc1 Kh8 23. Rg3 h6 24. Re3 Rb5 25. Rce1 Rb2 26. Rg3 Rxa2 27. Ree3 Rg8 28. Rg4 a4 29. Reg3 Qe7 30. Qf4 Kh7 31. Nf3 Ra1+ 32. Kh2 Be2 33. Qf6 Qxf6 34. exf6 g6 35. Rb4 Bxf3 36. Rxf3 Ra8 37. Rd3 a3 38. Rdd4 e5 39. Rg4 e4 40. Rb7 Kg8 0-1

[Event "Gibraltar Masters 14th"]
[Site "Caleta"]
[Date "2016.01.30"]
[Round "5"]
[White "Shachar, Ehud"]
[Black "Sutovsky, Emil"]
[Result "0-1"]
[WhiteElo "2353"]
[BlackElo "2647"]
[PlyCount "99"]
[EventDate "2016.01.26"]
[EventType "swiss"]
[EventRounds "10"]
[EventCountry "GGB"]
[SourceTitle "CBM 171"]
[Source "ChessBase"]
[SourceDate "2016.03.14"]
[SourceVersion "2"]
[SourceVersionDate "2016.03.14"]
[SourceQuality "1"]

1. e4 c5 2. Nf3 Nc6 3. Bb5 g6 4. Bxc6 bxc6 5. 0-0 Bg7 6. Re1 Nh6 7. c3 0-0 8. d4 cxd4 9. cxd4 d5 10. e5 f6 11. e6 Qd6 12. Qe2 c5 13. dxc5 Qxc5 14. Be3 Qc4 15. Qd2 Nf5 16. Na3 Qa6 17. Qxd5 Rb8 18. Qc5 Nxe3 19. Rxe3 f5 20. Qxe7 Rxb2 21. Rae1 f4 22. Rb3 Re2 23. Rbb1 Rxe6 24. Rxe6 Bxe6 25. Rb7 Rf7 26. Rb8+ Bf8 27. Qc5 Rf5 28. Qb4 Qe2 29. h4 Bd5 30. Nd4 Qd1+ 31. Kh2 a5 32. Qc5 Bxg2 33. Rxf8+ Rxf8 34. Kxg2 Qg4+ 35. Kf1 Qd1+ 36. Kg2 Qg4+ 37. Kf1 f3 38. Qc4+ Rf7 39. Nac2 Qg2+ 40. Ke1 Qg1+ 41. Kd2 Qxf2+ 42. Kc3 Qg3 43. Qc8+ Kg7 44. Ne6+ Kh6 45. Ne3 f2 46. Qc5 f1Q 47. Qg5+ Qxg5 48. hxg5+ Kh5 49. Nxf1 Rxf1 50. Kc4 0-1

[Event "Gibraltar Masters 14th"]
[Site "Caleta"]
[Date "2016.01.29"]
[Round "4"]
[White "Lobersli, Henrik Oie"]
[Black "Shachar, Ehud"]
[Result "0-1"]
[WhiteElo "2146"]
[BlackElo "2353"]
[PlyCount "82"]
[EventDate "2016.01.26"]
[EventType "swiss"]
[EventRounds "10"]
[EventCountry "GGB"]
[SourceTitle "CBM 171"]
[Source "ChessBase"]
[SourceDate "2016.03.14"]
[SourceVersion "2"]
[SourceVersionDate "2016.03.14"]
[SourceQuality "1"]

1. e4 e6 2. d4 d5 3. Nc3 Bb4 4. e5 b6 5. Qg4 Bf8 6. Nf3 Ba6 7. Bxa6 Nxa6 8. 0-0 Qd7 9. a4 Nb4 10. Ne1 a5 11. Be3 Ne7 12. Nb5 Nf5 13. b3 c6 14. Na3 Be7 15. c3 Na6 16. Nec2 0-0 17. Rfd1 b5 18. Qe2 Rfb8 19. g4 Nxe3 20. Nxe3 bxa4 21. bxa4 Rb3 22. Nb1 c5 23. Qc2 Rab8 24. dxc5 Rb2 25. Qc1 Bxc5 26. Rd2 R2b3 27. Rd3 Ba7 28. Nd2 Nc5 29. Nxb3 Nxd3 30. Qd1 Nxe5 31. Nd4 h6 32. Kg2 Ng6 33. Nb5 Bc5 34. Qd2 Qe7 35. h3 Qf6 36. Qd1 Qf4 37. Ra2 Qe4+ 38. Kh2 Nf4 39. Qf1 Qf3 40. Ra1 Rxb5 41. axb5 Bd6 0-1

[Event "Gibraltar Masters 14th"]
[Site "Caleta"]
[Date "2016.01.28"]
[Round "3"]
[White "Shachar, Ehud"]
[Black "Mrabti, Yahya"]
[Result "1-0"]
[WhiteElo "2353"]
[BlackElo "1780"]
[PlyCount "73"]
[EventDate "2016.01.26"]
[EventType "swiss"]
[EventRounds "10"]
[EventCountry "GGB"]
[SourceTitle "CBM 171"]
[Source "ChessBase"]
[SourceDate "2016.03.14"]
[SourceVersion "2"]
[SourceVersionDate "2016.03.14"]
[SourceQuality "1"]

1. e4 c5 2. Nf3 Nc6 3. Bb5 g6 4. Bxc6 bxc6 5. 0-0 Bg7 6. Re1 Nh6 7. c3 0-0 8. d4 cxd4 9. cxd4 d5 10. Ne5 dxe4 11. Nc3 Qb6 12. Na4 Qc7 13. Bf4 g5 14. Bxg5 f6 15. Qb3+ e6 16. Bxh6 Bxh6 17. Ng4 Bg7 18. Nc5 Qd6 19. Nxe4 Qxd4 20. Rad1 Qb6 21. Qh3 e5 22. Nh6+ Kh8 23. Qh5 Be6 24. b3 Qc7 25. Rd6 Bd5 26. Nf5 Rad8 27. Rxd8 Rxd8 28. h3 Qa5 29. Re3 Qxa2 30. Ned6 Qb1+ 31. Kh2 Rxd6 32. Qe8+ Bg8 33. Nxd6 Qg6 34. Qd8 f5 35. Rg3 Bf6 36. Qc8 Bg5 37. Rxg5 1-0

[Event "ISR-chT"]
[Site "Israel"]
[Date "2015.03.20"]
[Round "7.2"]
[White "Mesropov, Konstantin Eduard"]
[Black "Shachar, Ehud"]
[Result "1-0"]
[WhiteElo "2414"]
[BlackElo "2358"]
[PlyCount "125"]
[EventDate "2015.01.09"]
[EventType "team-tourn"]
[EventRounds "11"]
[EventCountry "ISR"]
[SourceTitle "EXT 2016"]
[Source "ChessBase"]
[SourceDate "2015.10.08"]
[SourceVersion "1"]
[SourceVersionDate "2015.10.08"]
[SourceQuality "1"]
[WhiteTeam "Petah Tikva Elitzur Maarav"]
[BlackTeam "Kfar Saba Hapoel"]
[WhiteTeamCountry "ISR"]
[BlackTeamCountry "ISR"]

1. e4 e6 2. d4 d5 3. Nc3 Bb4 4. exd5 exd5 5. Bd3 Ne7 6. Qh5 Nbc6 7. Nf3 Be6 8. a3 Bxc3+ 9. bxc3 Qd7 10. Ng5 0-0-0 11. Nxe6 Qxe6+ 12. Kd1 g6 13. Qf3 f5 14. Re1 Qd7 15. Ke2 Ng8 16. Bg5 Rf8 17. Kf1 h6 18. Bf4 Nf6 19. c4 Re8 20. cxd5 Nxd4 21. Qg3 Nh5 22. Qh4 Qxd5 23. Bxh6 Nc6 24. Bg5 Ne5 25. Qa4 Ng7 26. Qb5 c5 27. Bf4 Nxd3 28. cxd3 Ne6 29. Rac1 b6 30. Be5 Rhg8 31. Qa6+ Qb7 32. Qc4 Qc6 33. d4 b5 34. d5 bxc4 35. dxc6 Ng5 36. Rb1 Rxe5 37. Rxe5 Ne4 38. Rc1 Kc7 39. Ke2 Kd6 40. f4 c3 41. Ke3 Rh8 42. h3 Kxc6 43. Rxe4 fxe4 44. Kxe4 Re8+ 45. Kd3 Kd5 46. Rxc3 Re1 47. Kd2 Ra1 48. Rg3 Ra2+ 49. Kc1 Kd4 50. Rxg6 c4 51. f5 Rf2 52. Rg4+ Kd5 53. h4 a5 54. Kd1 a4 55. Ke1 c3 56. Kd1 Ke5 57. g3 Rg2 58. Rxa4 Rxg3 59. Kc2 Kxf5 60. Rc4 Rh3 61. a4 Ke6 62. a5 Kd5 63. Ra4 1-0